Decades by Picture - 1960s - Statistics

General Stats
  • This quiz has been taken 347 times
    122 since last reset
  • The average score is 12 of 15
Answer Stats
Picture Hint Answer % Correct
president John F. Kennedy
98%
activist Martin Luther King Jr.
98%
band The Beatles
97%
war {Vietnam} War
94%
festival {Woodstock} Festival
86%
chairman Mao Zedong
85%
culture Hippies
84%
political crisis {Cuban Missile} Crisis
82%
artist Andy Warhol
77%
mission Apollo 11
76%
musician Jimi Hendrix
73%
musician Bob Dylan
70%
movie 2001: A Space Odyssey
59%
public transportation Shinkansen
53%
fashion Tie-dye Shirt
50%
No matching quizzes found
Score Distribution
Percent of People with Each Score
Percentile by Number Answered
Your Score History
You have not taken this quiz since the last reset